00478nam a2200181Ia 4500003000400000005001700004008004100021020002200062040000700084041000800091082002300099100001600122245006900138260003900207300001600246365001300262650002100275OSt20230411155106.0210423s2017 xx 000 0 und d a978-81-291-4928-2 cAL aeng a954.052 223bSINO aSINGH (Pav) aOne thousand nine hundred eighty four: Indias guilty secret;1984 aNew DelhibRupa Publicationsc2017 axxv,268bHB b500cINR aHistory of India